| 000 | 00756cam a22002531 4500 | ||
|---|---|---|---|
| 999 |
_c20431 _d20431 |
||
| 001 | 9843658 | ||
| 003 | BDDh-ASL | ||
| 005 | 20231015025904.0 | ||
| 008 | 740529s1962 nyua 000 0 eng | ||
| 010 | _a 62009943 | ||
| 035 | _a(OCoLC)900245 | ||
| 040 |
_aDLC _cOTU _dOCoLC _dMoCanC _dDLC _dBDDh-ASL |
||
| 042 | _apremarc | ||
| 050 | 0 | 0 |
_aBP50 _b.V413 |
| 082 |
_a297.09 _bVEI |
||
| 100 | 1 | _aVerhoeven, F. R. J. | |
| 245 | 0 | 0 | _aIslam: its origin and spread in words, maps and pictures / |
| 260 |
_aNew York: _bSt Martin's Press _c[c1962] |
||
| 300 |
_a87, 32 p. _bill. (some col.) _c22 cm. |
||
| 490 | 0 | _aConcise histories of world religions | |
| 650 | 0 |
_aIslam _xHistory. |
|
| 906 |
_a7 _bcbc _coclcrpl _du _encip _f19 _gy-gencatlg |
||
| 942 |
_2ddc _cBK |
||